|
|
|
|
| LEADER |
01557nam a2200313 a 4500 |
| 001 |
11739786 |
| 008 |
120130s1999 fr uu m f i0 0eng |
| 010 |
|
|
|a sn 98039098
|
| 020 |
|
|
|a 9283230043
|
| 022 |
|
|
|a 1027-5622
|l 1027-5622
|
| 040 |
|
|
|a DNLM
|c DNLM
|d GU
|d DLC
|d OCoLC
|d DLC
|d CaQQL
|d OCoLC
|d BD-DhAAL
|
| 042 |
|
|
|a pcc
|
| 050 |
0 |
0 |
|a RC268
|b .I27
|
| 082 |
0 |
0 |
|a 616.99/4052
|2 21
|
| 245 |
0 |
0 |
|a IARC handbooks of cancer prevention.
|n Vol. 4 /
|c International Agency for Research on Cancer, World Health Organization.
|
| 260 |
|
|
|a Lyon :
|b The Agency ;
|a Oxford, UK ;
|a Carey, NC :
|b Distributed by Oxford University Press,
|c 1999
|
| 300 |
|
|
|a ix, 331 p. :
|b ill. ;
|c 24 cm.
|
| 362 |
0 |
|
|a Vol. 4
|
| 541 |
|
|
|e 00024432
|
| 650 |
|
0 |
|a Cancer
|x Prevention
|v Handbooks, manuals, etc.
|
| 650 |
1 |
2 |
|a Anticarcinogenic Agents
|v Handbooks.
|
| 650 |
1 |
2 |
|a Neoplasms
|x prevention & control
|v Handbooks.
|
| 650 |
|
6 |
|a Cancer
|x Prévention
|v Collections.
|
| 710 |
2 |
|
|a International Agency for Research on Cancer.
|
| 852 |
1 |
|
|a James P Grant School of Public Health
|c General Shelf.
|
| 999 |
|
|
|c 11831
|d 11831
|
| 952 |
|
|
|0 0
|1 0
|2 ddc
|4 0
|6 616_994052000000000_IAR
|7 0
|9 19340
|a JPGSPH
|b JPGSPH
|c GEN
|d 2012-01-31
|l 0
|o 616.994052 IAR
|p 3060024432
|r 2012-01-31
|t 1
|w 2012-01-31
|y BK
|
| 952 |
|
|
|0 0
|1 0
|2 ddc
|4 0
|6 616_994052000000000_IAR
|7 0
|9 20501
|a JPGSPH
|b JPGSPH
|c GEN
|d 2012-06-14
|l 0
|o 616.994052 IAR
|p 3060025421
|r 2012-06-14
|t 2
|w 2012-06-14
|y BK
|
| 952 |
|
|
|0 0
|1 0
|2 ddc
|4 0
|6 616_994052000000000_IAR
|7 0
|9 21507
|a JPGSPH
|b JPGSPH
|c GEN
|d 2012-12-06
|e JPGSPH
|l 0
|o 616.994052 IAR
|p 3060026307
|r 2012-12-06
|t 3
|w 2012-12-06
|y BK
|